000 00467nam a2200193Ia 4500
005 20240823054347.0
008 240823s9999||||xx |||||||||||||| ||und||
020 _a978-81-265-1094-8
041 _aENGLISH
082 _A537.6 Q5
100 _aJohn David Jackson
245 0 _aClassical Electrodynamics
250 _a3rd
260 _c2015
_bWiley India Pv
_aNew Delhi
500 _aYES
650 _aElectrodynamics
_bPhysics
942 _cBK
999 _c226278
_d226278